000 00938cad a22002295a 4500
001 E149817
008 100430s2010 xxk f l s000 0 eng d
035 _a(Sirsi) u149817
041 0 _aeng
110 2 _aScotland
_kLaws, etc
245 0 0 _aHome Owner and Debtor Protection (Scotland) Act 2010
_h[electronic resource]
260 _a[S.l.]
_bOPSI
_c2010
520 _aAn Act which seeks to offer protection to those faced with repossession of their home or bankruptcy. Amends the Bankruptcy (Scotland) Act 1985.
521 _aAdvanced
590 _aKA
650 2 4 _aHOME OWNER AND DEBTOR PROTECTION (SCOTLAND) ACT 2010
650 2 4 _aBANKRUPTCY (SCOTLAND) ACT 1985
651 4 _aScotland
_y1999-
690 _aPROPERTY-RESIDENTIAL PROPERTY-DOMESTIC RESIDENTIAL PROPERTY-HOUSING
856 4 0 _uhttps://www.opsi.gov.uk/legislation/scotland/acts2010/asp_20100006_en_1
_zView the Act free of charge at www.opsi.gov.uk...
942 _n0
999 _c110641
_d110641